Atlat địa lí Việt Nam
v.v...
Đã lưu trong:
| Tác giả chính: | |
|---|---|
| Định dạng: | Sách |
| Năm xuất bản: |
H.
Giáo dục
2005
|
| Chủ đề: | |
| Tags: |
Thêm thẻ
Không có thẻ, Hãy là người đầu tiên gắn thẻ bản ghi này!
|
| LEADER | 02548nam a2200289 4500 | ||
|---|---|---|---|
| 082 | |a 912.597022 |b A110l | ||
| 100 | |a Ngô Đạt Tam | ||
| 245 | |a Atlat địa lí Việt Nam |c Ngô Đạt Tam, Nguyễn Quý Thao, Lê Duy Đại | ||
| 260 | |a H. |b Giáo dục |c 2005 | ||
| 300 | |a 24 tr. |c 33 cm | ||
| 520 | |a v.v... | ||
| 653 | |a Địa lí | ||
| 653 | |a Việt Nam | ||
| 653 | |a Atlat | ||
| 653 | |a Trường phổ thông | ||
| 942 | |2 ddc |c STK0 | ||
| 999 | |c 4320 |d 4320 | ||
| 952 | |0 0 |1 0 |2 ddc |4 0 |6 912_597022000000000_A110L |7 0 |8 900 |9 42998 |a qbu |b qbu |c D5 |d 2014-12-19 |g 14000 |l 2 |o 912.597022 A110l |p 4608.c1 |r 2017-03-31 |s 2017-03-21 |w 2014-12-19 |y STK0 |0 0 |6 912_597022000000000_A110L | ||
| 952 | |0 0 |1 0 |2 ddc |4 0 |6 912_597022000000000_A110L |7 0 |8 900 |9 42999 |a qbu |b qbu |c D5 |d 2014-12-19 |g 14000 |l 9 |m 5 |o 912.597022 A110l |p 4608.c2 |q 2021-12-29 |r 2021-09-30 |s 2021-09-30 |w 2014-12-19 |y STK0 |0 0 |6 912_597022000000000_A110L | ||
| 952 | |0 0 |1 0 |2 ddc |4 0 |6 912_597022000000000_A110L |7 0 |8 900 |9 43000 |a qbu |b qbu |c D5 |d 2014-12-19 |g 14000 |l 6 |m 1 |o 912.597022 A110l |p 4608.c3 |r 2020-10-14 |s 2020-09-21 |w 2014-12-19 |y STK0 |0 0 |6 912_597022000000000_A110L | ||
| 952 | |0 0 |1 0 |2 ddc |4 0 |6 912_597022000000000_A110L |7 0 |8 900 |9 43001 |a qbu |b qbu |c D5 |d 2014-12-19 |g 14000 |l 7 |m 4 |o 912.597022 A110l |p 4608.c4 |r 2020-10-14 |s 2020-09-21 |w 2014-12-19 |y STK0 |0 0 |6 912_597022000000000_A110L | ||
| 952 | |0 0 |1 0 |2 ddc |4 0 |6 912_597022000000000_A110L |7 0 |8 900 |9 43002 |a qbu |b qbu |c D5 |d 2014-12-19 |g 14000 |l 11 |m 3 |o 912.597022 A110l |p 4608.c5 |r 2020-12-22 |s 2020-12-15 |w 2014-12-19 |y STK0 |0 0 |6 912_597022000000000_A110L | ||
| 952 | |0 0 |1 0 |2 ddc |4 0 |6 912_597022000000000_A110L |7 0 |8 900 |9 43003 |a qbu |b qbu |c D5 |d 2014-12-19 |g 14000 |l 4 |m 1 |o 912.597022 A110l |p 4608.c6 |r 2017-06-07 |s 2017-05-29 |w 2014-12-19 |y STK0 |0 0 |6 912_597022000000000_A110L | ||
| 952 | |0 0 |1 0 |2 ddc |4 0 |6 912_597022000000000_A110L |7 0 |8 900 |9 43004 |a qbu |b qbu |c D5 |d 2014-12-19 |g 14000 |l 4 |o 912.597022 A110l |p 4608.c7 |r 2020-12-22 |s 2020-12-09 |w 2014-12-19 |y STK0 |0 0 |6 912_597022000000000_A110L | ||
| 952 | |0 0 |1 0 |2 ddc |4 0 |6 912_597022000000000_A110L |7 0 |8 900 |9 43005 |a qbu |b qbu |c D5 |d 2014-12-19 |g 14000 |l 4 |m 1 |o 912.597022 A110l |p 4608.c8 |r 2017-03-31 |s 2017-03-21 |w 2014-12-19 |y STK0 |0 0 |6 912_597022000000000_A110L | ||
| 952 | |0 0 |1 0 |2 ddc |4 0 |6 912_597022000000000_A110L |7 0 |8 900 |9 71141 |a qbu |b qbu |c D5 |d 2015-04-21 |g 14000 |l 10 |m 8 |o 912.597022 A110l |p 4608.c9 |r 2020-12-22 |s 2020-12-07 |w 2015-04-21 |y STK0 |0 0 |6 912_597022000000000_A110L | ||
| 952 | |0 0 |1 0 |2 ddc |4 0 |6 912_597022000000000_A110L |7 0 |8 900 |9 71142 |a qbu |b qbu |c D5 |d 2015-04-21 |g 14000 |l 10 |m 5 |o 912.597022 A110l |p 4608.c10 |r 2020-12-22 |s 2020-12-15 |w 2015-04-21 |y STK0 |0 0 |6 912_597022000000000_A110L | ||